| 000 | 00650nam a2200205 a 4500 | ||
|---|---|---|---|
| 001 | 000045717 | ||
| 003 | DO-SdBNP | ||
| 005 | 20240228085405.0 | ||
| 008 | 150505s 1900 dr a 000 p spa d | ||
| 040 |
_aDO-SdBNP _bspa _cBNPHU |
||
| 082 | 4 |
_aBNPHU RD861.2 _bU75po |
|
| 100 | 1 |
_aUreña de Henríquez, Salomé , _d1850-1897 _9920 |
|
| 245 | 1 | 0 |
_apoesías / _cSalomé Ureña de Henríquez,. |
| 260 |
_aSanto Domingo : _bMinisterio de Cultura, _c19--?]. |
||
| 300 |
_a9 p. : _bil. ; _c21 cm. |
||
| 600 | 1 | 0 |
_aUreña de Henríquez, Salomé , _d1850-1897 _9920 |
| 650 | 1 | 4 |
_aPoesía dominicana _966 |
| 650 | 1 | 4 |
_aLiteratura dominicana _92251 |
| 942 |
_2ddc _cLBS1 |
||
| 999 |
_c45206 _d45206 |
||